Loading...
Medicinal plants of the world.Vol.3:chemical constituents,traditional and modern medical uses
| Main Author: | |
|---|---|
| Format: | Printed Book |
| Published: |
Totowa
Human Press
2005
|
| Subjects: |
| LEADER | 00545nam a22001457a 4500 | ||
|---|---|---|---|
| 020 | |a 9788181287663 | ||
| 082 | |a R615.32 |b ROS/M | ||
| 100 | |a Ross,Ivan A. | ||
| 245 | |a Medicinal plants of the world.Vol.3:chemical constituents,traditional and modern medical uses | ||
| 260 | |a Totowa |b Human Press |c 2005 | ||
| 300 | |a 623p. | ||
| 650 | |a Medicinal plants-Encyclopedia | ||
| 942 | |c BK | ||
| 999 | |c 37301 |d 37301 | ||
| 952 | |0 0 |1 0 |4 0 |6 R_615_320000000000000_ROSM |7 0 |8 Reference |9 39500 |a KUCL |b KUCL |c Reference |d 2016-01-07 |l 0 |o R615.32 ROS/M |p 36978 |r 2017-03-09 |w 2016-01-07 |y BK | ||